| 000 | 00427nam a2200133Ia 4500 | ||
|---|---|---|---|
| 008 | 191014s9999 xx 000 0 und d | ||
| 020 | _a981-02-3397-3 | ||
| 082 |
_a003.857 _bITO |
||
| 100 |
_aYoushihyyisa Ito, Ichiro Kawakami _920547 |
||
| 245 | 0 | _aProceedings of the 19th Nihon University International Symposium Order & Non Order | |
| 260 |
_aSingapore _bWorld Scientific Company _c1998 |
||
| 300 | _aIx,262 | ||
| 942 | _cBK | ||
| 999 |
_c531139 _d531139 |
||